000 00932nam a2200289 i 4500
003 EG-GICUC
005 20260412155150.0
008 260412s1948 fr ||||fr||| 000 0 ffredd
040 _aEG-GiCUC
_bfre
_cEG-GiCUC
_dEG-GiCUC
_eRda
082 0 4 _221
_a341.23
_bVE . R
092 0 4 _221
099 _aLaw1 11 341.23 VE . R 1948
100 1 _aVellas, Pierre
_eAuteur
245 1 3 _aLe Régionalisme International Et L'organisation Des Nations Unies /
_b
_cPierre Vellas.
_n
264 1 _aParis :
_bEditions a. Pedone,
_c1948.
300 _a166page :
_billustration ;
_c 24 cm.
336 _2rda contenu
_a texte
337 _2rda medias
_aOrdinateur
338 _2 transporteur rda
_a Ressource en ligne
504 _a
546 _aTexte en français
650 1 4 _aDroit international public
_2
651 1 _2
856 4 0 _uhttps://fll.law.cu.edu.eg/fulltext/bks/B11-05068.pdf
905 _a50
942 _2ddc
_cBK
_e21
_n0
999 _c70289
_d70289